00580ntaaa2200181 45000030003000000050017000030080021000200400037000410820012000781000038000902450070001282500010001982600017002083000011002255000119002366500013003556500030003680120251027201115.00714s1973 ag 01  aAR-BaBNbspacAR-BaBNeaacrdRIC a206 In8 aInternational Missionary Council  aWorld Mission of the Church / cInternational Missionary Council  a1 ed. as.l., cc939 a173 p. aFindings and recommendations of the International Missionary Council. Tambaram, Madrás, India. Dec. 12-29, 1939. aMisiones aTambaram, Conferencia-193